Largest Cities Entirely on each Continent - Statistics

General Stats
  • This quiz has been taken 947 times
    531 since last reset
  • The average score is 4 of 6
Answer Stats
Hint Answer % Correct
Australia and Oceania Sydney
79%
North America Mexico City
71%
Europe Moscow
71%
Africa Cairo
67%
South America Sao Paulo
55%
Asia Guangzhou
32%
No matching quizzes found
Score Distribution
Percent of People with Each Score
Percentile by Number Answered
Your Score History
You have not taken this quiz since the last reset